| 000 | 00938nam a2200253Ia 4500 | ||
|---|---|---|---|
| 008 | 191130s2009##################000#0#eng## | ||
| 020 | _a9780230602793 | ||
| 022 | _a2009006414 | ||
| 040 |
_aACL _cACL |
||
| 082 | _a229.70609 JOS | ||
| 100 | _aJoslyn-Siemiatkoski, Daniel | ||
| 245 |
_aChristian memories of the Maccabean martyrs _cDaniel Joslyn-Siemiatkoski |
||
| 260 |
_aBasingstoke, Hampshire ; New York _bPalgrave Macmillan _cc2009 |
||
| 300 | _axii, 249 p. ; 22 cm | ||
| 500 | _aIncludes bibliographical references (p. [217]-238) and index | ||
| 650 | _aBible. O.T. Apocrypha. Maccabees - Criticism, interpretation, etc. - History - Early church, ca. 30-600 | ||
| 650 | _aChristian literature, Early | ||
| 650 | _aChristianity and other religions - Judaism | ||
| 650 | _aJudaism - Relations - Christianity | ||
| 650 | _aMaccabees | ||
| 990 | _a609b47b1ac10000c5600a1e9c56e57cd | ||
| 991 | _a93088 | ||
| 999 |
_c129021 _d129021 |
||